<?xml version="1.0" encoding="UTF-8"?>
<record
    xmlns:xsi="http://www.w3.org/2001/XMLSchema-instance"
    xsi:schemaLocation="http://www.loc.gov/MARC21/slim http://www.loc.gov/standards/marcxml/schema/MARC21slim.xsd"
    xmlns="http://www.loc.gov/MARC21/slim">

  <leader>00826nam a2200229 a 4500</leader>
  <controlfield tag="001">83514</controlfield>
  <controlfield tag="003">BD-RjUL</controlfield>
  <controlfield tag="005">20240417103026.0</controlfield>
  <controlfield tag="008">030627s1904    ua            000 0 ara d</controlfield>
  <datafield tag="035" ind1=" " ind2=" ">
    <subfield code="a">(BD-RjUL)83514</subfield>
  </datafield>
  <datafield tag="040" ind1=" " ind2=" ">
    <subfield code="a">TAU</subfield>
    <subfield code="b">eng</subfield>
    <subfield code="c">BD-RjUL</subfield>
  </datafield>
  <datafield tag="041" ind1="0" ind2=" ">
    <subfield code="a">ara</subfield>
  </datafield>
  <datafield tag="082" ind1=" " ind2=" ">
    <subfield code="2">23</subfield>
    <subfield code="a">297.5</subfield>
    <subfield code="b">KHK 1904</subfield>
  </datafield>
  <datafield tag="100" ind1="1" ind2=" ">
    <subfield code="a"> &#x62E;&#x627;&#x646;, &#x633;&#x64A;&#x62F; &#x627;&#x62D;&#x645;&#x62F;    &#x60C;Khan, Syed Ahmed</subfield>
    <subfield code="d">&#x645;. &#x661;&#x660;&#x663;&#x660;</subfield>
    <subfield code="9">12596</subfield>
  </datafield>
  <datafield tag="245" ind1="1" ind2="5">
    <subfield code="a">&#x643;&#x62A;&#x627;&#x628; &#x62A;&#x647;&#x630;&#x64A;&#x628; &#x627;&#x644;&#x627;&#x62E;&#x644;&#x627;&#x642;  /Kit&#x101;b Tahdh&#x12B;b al-akhl&#x101;q, / </subfield>
    <subfield code="c">&#x633;&#x631; &#x633;&#x64A;&#x62F; &#x627;&#x62D;&#x645;&#x62F; &#x62E;&#x627;&#x646; ;; Sir Syed ahmad Khan</subfield>
  </datafield>
  <datafield tag="260" ind1=" " ind2=" ">
    <subfield code="a">Lahore :</subfield>
    <subfield code="b">&#x627;&#x644;&#x645;&#x637;&#x628;&#x639;&#x629; &#x627;&#x644;&#x62E;&#x64A;&#x631;&#x64A;&#x629;&#x60C;</subfield>
    <subfield code="c">[&#x661;&#x669;&#x660;&#x664; &#x645;. .]</subfield>
  </datafield>
  <datafield tag="300" ind1=" " ind2=" ">
    <subfield code="a">V. ;     [620 p.] ;</subfield>
    <subfield code="c">22 cm</subfield>
  </datafield>
  <datafield tag="505" ind1=" " ind2=" ">
    <subfield code="a">Vol. 2   pt.  1-2.&#x645;&#x636;&#x627;&#x645;&#x64A;&#x646; &#x627;&#x646;&#x631;&#x64A;&#x628;&#x644; .- &#x645;&#x636;&#x627;&#x645;&#x64A;&#x646; &#x645;&#x630;&#x647;&#x628;&#x64A; &#x648;&#x639;&#x644;&#x645;&#x64A; .--</subfield>
  </datafield>
  <datafield tag="650" ind1=" " ind2="4">
    <subfield code="a">Islamic ethics.</subfield>
  </datafield>
  <datafield tag="650" ind1=" " ind2="4">
    <subfield code="a">Islam</subfield>
    <subfield code="x">Doctrines</subfield>
  </datafield>
  <datafield tag="942" ind1=" " ind2=" ">
    <subfield code="2">ddc</subfield>
    <subfield code="c">BK</subfield>
  </datafield>
  <datafield tag="999" ind1=" " ind2=" ">
    <subfield code="c">83514</subfield>
    <subfield code="d">83514</subfield>
  </datafield>
  <datafield tag="952" ind1=" " ind2=" ">
    <subfield code="0">0</subfield>
    <subfield code="1">0</subfield>
    <subfield code="2">ddc</subfield>
    <subfield code="4">0</subfield>
    <subfield code="7">1</subfield>
    <subfield code="8">NFIC</subfield>
    <subfield code="a">RUCL</subfield>
    <subfield code="b">RUCL</subfield>
    <subfield code="c">Reading</subfield>
    <subfield code="d">2024-04-17</subfield>
    <subfield code="e">A.H.. Quraisshi</subfield>
    <subfield code="l">0</subfield>
    <subfield code="o">U 297.5 KHK  V-2 1904</subfield>
    <subfield code="r">2024-04-17 00:00:00</subfield>
    <subfield code="t">C-1</subfield>
    <subfield code="w">2024-04-17</subfield>
    <subfield code="y">BK</subfield>
  </datafield>
</record>
